LEADER 01897nam 2200601 450 001 9910479895403321 005 20211005225625.0 010 $a84-9148-565-1 035 $a(CKB)4100000004754087 035 $a(MiAaPQ)EBC5425938 035 $a(MiAaPQ)EBC6514422 035 $a(Au-PeEL)EBL6514422 035 $a(OCoLC)1243544503 035 $a(EXLCZ)994100000004754087 100 $a20180726d2018 uy 0 101 0 $aspa 135 $aurcnu|||||||| 181 $2rdacontent 182 $2rdamedia 183 $2rdacarrier 200 04$aLos ori?genes del cristianismo en la literatura, el arte y la filosofi?a (II) /$fJuan Antonio A?lvarez-Pedrosa [y otros 3] (editores) 210 1$aMadrid :$cDykinson,$d2018. 215 $a1 online resource (399 pa?ginas) 311 $a84-9148-525-2 320 $aContiene bibliografi?a. 517 3 $aOri?genes del cristianismo en la literatura, el arte y la filosofi?a 606 $aChristianity$xHistory 606 $aArt$xHistory 606 $aLiterature$xHistory and criticism 606 $aPhilosophy$xHistory 606 $aCristianismo 606 $aHistoria del arte 606 $aHistoria literaria 606 $aHistoria religiosa 606 $aFilosofi?a 608 $aLibros electronicos. 615 0$aChristianity$xHistory. 615 0$aArt$xHistory. 615 0$aLiterature$xHistory and criticism. 615 0$aPhilosophy$xHistory. 615 4$aCristianismo. 615 4$aHistoria del arte. 615 4$aHistoria literaria. 615 4$aHistoria religiosa. 615 4$aFilosofi?a. 676 $a277.3083 702 $aA?lvarez-Pedrosa$b Juan Antonio 801 0$bFINmELB 801 1$bFINmELB 906 $aBOOK 912 $a9910479895403321 996 $aLos ori?genes del cristianismo en la literatura, el arte y la filosofi?a (II)$91894337 997 $aUNINA LEADER 01426oam 2200373M 450 001 9910716202003321 005 20200213070535.8 035 $a(CKB)5470000002520110 035 $a(OCoLC)1065849329 035 $a(OCoLC)995470000002520110 035 $a(EXLCZ)995470000002520110 100 $a20071213d1926 ua 0 101 0 $aeng 135 $aurcn||||||||| 181 $ctxt$2rdacontent 182 $cc$2rdamedia 183 $acr$2rdacarrier 200 10$aConsideration of H.R. 10821 and S. 2858. May 13, 1926. -- Referred to the House Calendar and ordered to be printed 210 1$a[Washington, D.C.] :$c[U.S. Government Printing Office],$d1926. 215 $a1 online resource (1 pages) 225 1 $aHouse report / 69th Congress, 1st session. House ;$vno. 1186 225 1 $a[United States congressional serial set] ;$v[serial no. 8537] 300 $aBatch processed record: Metadata reviewed, not verified. Some fields updated by batch processes. 300 $aFDLP item number not assigned. 608 $aLegislative materials.$2lcgft 701 $aSnell$b Bertrand Hollis$f1870-1958$pRepublican (NY)$01388514 801 0$bWYU 801 1$bWYU 801 2$bOCLCO 801 2$bOCLCQ 906 $aBOOK 912 $a9910716202003321 996 $aConsideration of H.R. 10821 and S. 2858. May 13, 1926. -- Referred to the House Calendar and ordered to be printed$93439169 997 $aUNINA